| 000 | 01617cam a2200409 i 4500 | ||
|---|---|---|---|
| 003 | EG-GICUC | ||
| 005 | 20260121142053.0 | ||
| 008 | 260121s1996 enk frb 001 0 eng d | ||
| 020 |
_a0198259298 _qacid-free paper |
||
| 020 |
_a0198259301 _qpbk. : acid-free paper |
||
| 020 |
_a9780198259299 _q(acid-free paper) |
||
| 020 |
_a9780198259305 _q(pbk. : acid-free paper) |
||
| 040 |
_aDLC _cDLC _dDLC _dEG-GICUC _beng _erda |
||
| 043 | _ae------ | ||
| 050 | 0 | 0 |
_aKJE5105 _b.M33 1996 |
| 082 | 0 | 0 |
_a341.304 _221 |
| 092 | 0 | 4 | _221 |
| 099 | _aLaw 11 1996 | ||
| 100 | 1 | _aMacLeod, I. | |
| 245 | 1 | 4 |
_aThe external relations of the European communities : _ba manual of law and practice / _cI. MacLeod, I.D. Hendry, Stephen Hyett. |
| 264 |
_aOxford : _bClarendon Press ; _aNew York : _bOxford University Press, _c1996. |
||
| 300 |
_alxxxi, 432 pages ; _c24 cm. |
||
| 336 |
_atext _2rdacontent |
||
| 337 |
_aComputer _2rdamedia |
||
| 338 |
_aOnline Resource _2rdacarrier |
||
| 440 | 0 | _aOxford European Community law series | |
| 504 | _aIncludes bibliographical references (p. [lxxxii]) and index. | ||
| 650 | 1 | 0 | _aInternational law. |
| 651 | 0 |
_aEuropean Economic Community countries _xForeign relations _xLaw and legislation. |
|
| 700 | 1 | _aHendry, I. D. | |
| 700 | 1 | _aHyett, Stephen. | |
| 856 | 4 | 2 | _uhttps://fll.law.cu.edu.eg/fulltext/bks/ENGB11-00088.pdf |
| 856 | 4 | 2 |
_3Publisher description _uhttp://www.loc.gov/catdir/enhancements/fy0635/95042356-d.html |
| 856 | 4 | 2 |
_3Contributor biographical information _uhttp://www.loc.gov/catdir/enhancements/fy0724/95042356-b.html |
| 905 | _a10 | ||
| 942 |
_2ddc _cBK _e21 _n0 |
||
| 999 |
_c58455 _d58455 |
||